La vida patética de Eleonora Duse / (Record no. 126682)

MARC details
000 -LEADER
campo de control de longitud fija 00644nam a2200205 4500
001 - NÚMERO DE CONTROL
campo de control 126682
003 - IDENTIFICADOR DE NÚMERO DE CONTROL
campo de control ES-MaACL
005 - FECHA Y HORA DE LA ÚLTIMA TRANSACCIÓN
campo de control 20250910173447.0
007 - CAMPO FIJO DE DESCRIPCIÓN FÍSICA--INFORMACIÓN GENERAL
campo de control de longitud fija t|
008 - DATOS DE LONGITUD FIJA--INFORMACIÓN GENERAL
campo de control de longitud fija 070214s1947 sp r ||||1| spa d
100 0# - ENTRADA PRINCIPAL--NOMBRE DE PERSONA
Nombre de persona Révész, Andrés.
9 (RLIN) 96422
245 13 - MENCIÓN DEL TÍTULO
Título La vida patética de Eleonora Duse /
Mención de responsabilidad, etc. Andrés Révész ; prólogo de Walter Starkie.
260 ## - PUBLICACIÓN, DISTRIBUCIÓN, ETC.
Lugar de publicación, distribución, etc. Barcelona :
Nombre del editor, distribuidor, etc. Iberia,
Fecha de publicación, distribución, etc. 1947.
300 ## - DESCRIPCIÓN FÍSICA
Extensión 195 p., 16 lám. ;
Dimensiones 20 cm.
490 1# - MENCIÓN DE SERIE
Mención de serie La estrella del mar
700 1# - ENTRADA AGREGADA--NOMBRE PERSONAL
Nombre de persona Starkie, Walter,
Fechas asociadas al nombre 1894-1976
9 (RLIN) 107933
830 0# - PUNTO DE ACCESO ADICIONAL DE SERIE-TÍTULO UNIFORME
Título uniforme La estrella del mar
9 (RLIN) 186683
852 ## - LOCALIZACIÓN
Ubicación ES-MaACL
Número de control de estantería C-5601
Sublocalización o colección R.26018
Holdings
Estatus retirado Estado de pérdida Estado de daño No para préstamo Biblioteca de origen Biblioteca actual Ubicación en estantería Fecha de adquisición Fuente de adquisición Total de préstamos Signatura topográfica completa Código de barras Visto por última vez Precio de reemplazo Tipo de ítem Koha
        Biblioteca del Ateneo de Madrid Biblioteca del Ateneo de Madrid Sala Palomar 17/01/2008     C-5601 1131952 23/02/2023 23/02/2023 Libro impreso